| 000 | 00401nam a2200157 a 4500 | ||
|---|---|---|---|
| 001 | 1770713644542 | ||
| 003 | YourLibrary | ||
| 005 | 20260222142944.0 | ||
| 008 | 260210s2026##################000#0#eng## | ||
| 020 | _a9789352601882 | ||
| 040 |
_aYourLibrary _beng _cYourLibrary |
||
| 082 | 0 | 4 | _a333.794KHA |
| 100 | _a Khan | ||
| 245 | 1 | 0 |
_aNON CONVENTIONAL ENERGY RESOURCES _c/ Khan |
| 942 |
_cENGLISH _2ddc |
||
| 999 |
_c611388 _d611388 |
||